Statistics for The Oldest Living NBA Players who lead a team in all-time scoring

Click here to take the quiz!

General Stats

  • This quiz has been taken 9 times
  • The average score is 6 of 10

Answer Stats

AgePlayer% Correct
63Dominique Wilkins
88%
60Hakeem Olajuwon
75%
60Karl Malone
75%
60Michael Jordan
75%
62Isiah Thomas
63%
61Patrick Ewing
63%
69Alex English
50%
77Elvin Hayes
50%
84Oscar Robertson
50%
69Walter Davis
50%

Score Distribution

Percentile by Number Answered

Percent of People with Each Score

Your Score History

You have not taken this quiz